Normal view
MARC view
- WIND POWER-HANDBOOK MANUAL WIND TURBINE ELECTRICAL SYSTEMS
Entry Topical Term
001 - CONTROL NUMBER
- control field: 58266
003 - CONTROL NUMBER IDENTIFIER
- control field: NUST
005 - DATE AND TIME OF LATEST TRANSACTION
- control field: 20210628202109.0
008 - FIXED-LENGTH DATA ELEMENTS
- fixed length control field: 210628|| aca||aabn | a|a d
040 ## - CATALOGING SOURCE
- Original cataloging agency: NUST
- Transcribing agency: NUST
150 ## - HEADING--TOPICAL TERM
- Topical term or geographic name entry element: WIND POWER-HANDBOOK MANUAL WIND TURBINE ELECTRICAL SYSTEMS
670 ## - SOURCE DATA FOUND
- Source citation: Work cat.: (NUST): Sharpe, David Burton, Tony Jenkins, Nick 58265, Wind energy handbook, 2001
